000 00576nam a2200181Ia 4500
003 GCL
008 140319s9999 xx 000 0 ara d
040 _aGCL /
_cGCL
082 0 4 _a813.08
_bم ف
100 1 _aمصطفى لطفى المنفلوطى
245 1 0 _aفى سبيل التاج /
_cمصطفى لطفى المنفلوطى
260 _aبيروت :
_bدار الجيل ،
_c2002
300 _a104 ص ؛
_c16 سم
650 0 4 _aالادب العربى
650 0 4 _aالقصص الاجتماعية
650 0 4 _aالقصة العربية- مصر
942 _2ddc
_cBK
999 _c4530
_d4530